00655 a2200241 4500260001000000630006300010037001200073650002800085100001500113700001500128700001600143260001200159245007400171300001100245650006100256260000900317300001000326100000700336440002900343037001200372037001100384020001800395 aParis a62 - Ingenierie. Art de lingenieur. Technologie en general b2, WVSC a6 - SCIENCES APPLIQUEES aAstien, E. aEscrig, B. aPottier, I. bFoucher aDictionnaire des technologies de l'information et de la communication a271 p. aInformation : communication : technologie : dictionnaire c2001 b19 cm lFr aLa discothè€que Foucher aL 15192 aL15229 a2-216-08794-7